[Event "5ème open de Provence (A)"]
[Site "Salon de Provence"]
[Date "2014.??.??"]
[Round "7.4"]
[White "Rayne, Remy"]
[Black "Faure, Alexandre"]
[Result "1/2-1/2"]
[WhiteElo "1936"]
[BlackElo "1875"]
[PlyCount "67"]
[EventDate "2014.??.??"]

1. Nf3 d5 2. g3 Nf6 3. Bg2 g6 4. O-O Bg7 5. d4 O-O 6. c3 c6 7. Nbd2 Bf5 8. Ne5
Nbd7 9. Ndf3 Ng4 10. Nxg4 Bxg4 11. h3 Bf5 12. Nh4 Be6 13. f4 Nf6 14. g4 Bc8 15.
Qd3 e6 16. Nf3 Ne4 17. Nd2 f5 18. Nxe4 dxe4 19. Qg3 Qb6 20. e3 c5 21. b3 cxd4
22. cxd4 Bd7 23. Ba3 Rfc8 24. gxf5 exf5 25. Bc5 Qb5 26. Rfc1 Qa6 27. Bf1 Bb5
28. Rc4 Qf6 29. Rcc1 Bxf1 30. Kxf1 Rc7 31. Qf2 Rac8 32. Qe2 Qh4 33. Kg2 Kh8 34.
Ba3 1/2-1/2

[Event "5ème open de Provence (A)"]
[Site "Salon de Provence"]
[Date "2014.??.??"]
[Round "7.5"]
[White "Brongers, Henk"]
[Black "Busson, Benoist"]
[Result "1-0"]
[WhiteElo "2027"]
[BlackElo "1977"]
[PlyCount "111"]
[EventDate "2014.??.??"]

1. Nf3 Nc6 2. e4 e5 3. Bc4 Nf6 4. d3 Be7 5. Bb3 O-O 6. c3 d5 7. Qe2 dxe4 8.
dxe4 h6 9. O-O Bc5 10. Nbd2 Qe7 11. a4 a5 12. Bd5 Nd8 13. h3 c6 14. Ba2 Be6 15.
Nc4 Nd7 16. Be3 Bxe3 17. Qxe3 f6 18. Rfd1 Nf7 19. Nh4 Qc5 20. Qg3 Rfd8 21. Nf5
g5 22. Nb6 Bxf5 23. Nxa8 Bxe4 24. Nc7 Qe7 25. Qe3 Bf5 26. g4 Bg6 27. Qd2 Rc8
28. Qxd7 Rxc7 29. Qxe7 Rxe7 30. Rd8+ Kg7 31. Bxf7 Bxf7 32. Rad1 Be6 33. Ra8 h5
34. gxh5 Bxh3 35. h6+ Kxh6 36. Rh8+ Rh7 37. Rdd8 Bf5 38. Rxh7+ Bxh7 39. Rb8 Bc2
40. Rxb7 Bxa4 41. b3 Bb5 42. c4 Ba6 43. Rb6 Bc8 44. Rxc6 Bg4 45. Rxf6+ Kg7 46.
Rd6 Kf7 47. Rd5 a4 48. bxa4 Ke6 49. Kf1 Bf3 50. Rd2 Bb7 51. c5 e4 52. Rd6+ Ke5
53. a5 g4 54. a6 Ba8 55. Rd8 Bc6 56. a7 1-0

[Event "5ème open de Provence (A)"]
[Site "Salon de Provence"]
[Date "2014.??.??"]
[Round "7.6"]
[White "Vincensini, Emmanuel"]
[Black "Merenciano, Alexandre"]
[Result "0-1"]
[WhiteElo "1960"]
[BlackElo "1984"]
[PlyCount "52"]
[EventDate "2014.??.??"]

1. d4 Nf6 2. c4 c5 3. Nf3 cxd4 4. Nxd4 e5 5. Nb5 d5 6. cxd5 Bc5 7. N5c3 O-O 8.
e3 e4 9. Be2 Re8 10. a3 Nbd7 11. b4 Bd6 12. Ra2 Ne5 13. h3 Bf5 14. Nb5 Nd3+ 15.
Bxd3 exd3 16. Nxd6 Qxd6 17. O-O Nxd5 18. Rd2 Qg6 19. Bb2 Rac8 20. Bd4 Rc2 21.
Qf3 Be4 22. Qg4 Rec8 23. Rdd1 h5 24. Qxg6 Bxg6 25. Rd2 Rc1 26. Rdd1 R8c2 0-1

[Event "5ème open de Provence (A)"]
[Site "Salon de Provence"]
[Date "2014.??.??"]
[Round "7.7"]
[White "Danielian, Kevin"]
[Black "Benavides, Jeremy"]
[Result "1-0"]
[WhiteElo "1848"]
[BlackElo "1835"]
[PlyCount "75"]
[EventDate "2014.??.??"]

1. d4 Nf6 2. c4 c5 3. d5 b5 4. cxb5 a6 5. b6 g6 6. Nc3 Bg7 7. e4 d6 8. Be2 Nbd7
9. Nf3 O-O 10. O-O Nxb6 11. Nd2 Qc7 12. a4 a5 13. Nb5 Qd8 14. Qc2 Bb7 15. f3
Nfd7 16. Rb1 Nb8 17. b3 Na6 18. Bb2 Nb4 19. Qc1 Na2 20. Qd1 Bxb2 21. Rxb2 Nb4
22. Qe1 Ba6 23. Qg3 Bxb5 24. Bxb5 e6 25. dxe6 fxe6 26. f4 d5 27. e5 Qe7 28. Nf3
Rad8 29. Nh4 Kh8 30. Nxg6+ hxg6 31. Qxg6 Qf7 32. Qh6+ Qh7 33. Qxe6 Nc8 34. Rf3
Qf5 35. Qh6+ Qh7 36. Qg5 Qg7 37. Rh3+ Kg8 38. Qh5 1-0

[Event "5ème open de Provence (A)"]
[Site "Salon de Provence"]
[Date "2014.??.??"]
[Round "7.8"]
[White "Chauvet, Vincent"]
[Black "Metras, Dominique"]
[Result "1-0"]
[WhiteElo "2134"]
[BlackElo "1965"]
[PlyCount "27"]
[EventDate "2014.??.??"]

1. d4 Nf6 2. c4 g6 3. Nc3 d5 4. Nf3 Bg7 5. Qb3 c6 6. cxd5 cxd5 7. Bg5 e6 8. e3
O-O 9. h4 Nc6 10. h5 Qa5 11. hxg6 hxg6 12. Be2 b6 13. Ne5 Ne7 14. Ng4 1-0

[Event "5ème open de Provence (A)"]
[Site "Salon de Provence"]
[Date "2014.??.??"]
[Round "7.9"]
[White "Kolb, Sebastien"]
[Black "Legrand, Vincent"]
[Result "1/2-1/2"]
[WhiteElo "2057"]
[BlackElo "1833"]
[PlyCount "153"]
[EventDate "2014.??.??"]

1. e4 e5 2. Nf3 Nc6 3. d4 exd4 4. Nxd4 Nxd4 5. Qxd4 Ne7 6. Nc3 Nc6 7. Qe3 g6 8.
Bd2 Bg7 9. O-O-O Qf6 10. Kb1 O-O 11. Bc1 d6 12. Nd5 Qd8 13. Qg5 f6 14. Qh4 Be6
15. Qg3 Ne7 16. h4 f5 17. Bg5 Bxd5 18. exd5 Be5 19. f4 Bf6 20. h5 c6 21. hxg6
Nxg6 22. Qh3 Rf7 23. Qa3 c5 24. Rh5 Bxg5 25. Rxg5 Kf8 26. g3 Qd7 27. Bh3 b5 28.
Qd3 c4 29. Qd4 Re8 30. Bg2 Ke7 31. Bf3 Kd8 32. Qc3 Qe7 33. Bh5 Qe3 34. Qa5+ Qb6
35. Qxb6+ axb6 36. Rxg6 hxg6 37. Bxg6 Rfe7 38. Bxe8 Kxe8 39. Kc1 Re3 40. Rg1
Re4 41. Rg2 b4 42. Kd1 Kf7 43. Re2 Rd4+ 44. Rd2 Re4 45. c3 bxc3 46. bxc3 Re3
47. Kc2 b5 48. Rd4 Re2+ 49. Kb1 Rg2 50. a4 Rxg3 51. Kb2 bxa4 52. Rxc4 Rd3 53.
Rc7+ Ke8 54. c4 Rf3 55. Ra7 Rxf4 56. Rxa4 Rf3 57. Kc2 f4 58. Kd2 Ke7 59. Ra6
Re3 60. Rc6 Re5 61. Ra6 f3 62. Ra1 Re2+ 63. Kd3 Rb2 64. Ke3 Rb3+ 65. Kf2 Rc3
66. Re1+ Kd7 67. Re4 Kc7 68. Rf4 Kb6 69. Rxf3 Rxc4 70. Rf5 Re4 71. Kf3 Re1 72.
Kf2 Re7 73. Rf3 Kc5 74. Re3 Rf7+ 75. Ke2 Kxd5 76. Kd2 Rf2+ 77. Kd1 1/2-1/2

[Event "5ème open de Provence (A)"]
[Site "Salon de Provence"]
[Date "2014.??.??"]
[Round "7.10"]
[White "Joubert, Leo"]
[Black "Nguyen, Patrick"]
[Result "1-0"]
[WhiteElo "1790"]
[BlackElo "1667"]
[PlyCount "61"]
[EventDate "2014.??.??"]

1. c4 c6 2. g3 d5 3. Nf3 Bf5 4. Bg2 e6 5. O-O Nd7 6. d4 Bd6 7. Nbd2 Ngf6 8. Nh4
Bg6 9. Nxg6 hxg6 10. e4 dxe4 11. Nxe4 Nxe4 12. Bxe4 Nf6 13. Bg2 Qa5 14. Bd2 Qh5
15. Qxh5 Rxh5 16. b4 O-O-O 17. Bc3 Rdh8 18. h3 g5 19. a4 g4 20. h4 g5 21. hxg5
Rxg5 22. d5 Be5 23. Bxe5 Rxe5 24. dxc6 bxc6 25. Bxc6 Kc7 26. Bg2 Re2 27. a5 Rd8
28. b5 Rdd2 29. b6+ axb6 30. a6 Ra2 31. a7 1-0

[Event "5ème open de Provence (A)"]
[Site "Salon de Provence"]
[Date "2014.??.??"]
[Round "7.11"]
[White "Nicolas, Gabrielle"]
[Black "Valcrose, Thomas"]
[Result "1/2-1/2"]
[WhiteElo "1732"]
[BlackElo "1787"]
[PlyCount "106"]
[EventDate "2014.??.??"]

1. d4 d5 2. c4 e6 3. Nf3 Nf6 4. Nc3 Nbd7 5. e3 Be7 6. Bd3 dxc4 7. Bxc4 b6 8.
O-O Bb7 9. Re1 c5 10. d5 exd5 11. Nxd5 Nxd5 12. Bxd5 Bxd5 13. Qxd5 O-O 14. Bd2
Nf6 15. Qb3 Ne4 16. Rad1 Nxd2 17. Rxd2 Qc7 18. Red1 Rad8 19. Rxd8 Rxd8 20.
Rxd8+ Bxd8 21. Qd5 Bf6 22. Kf1 g6 23. b3 b5 24. Ke2 c4 25. Qxb5 c3 26. Qc4 Qa5
27. a4 Be7 28. Kd3 Bb4 29. Nd4 Qb6 30. Qc6 Qd8 31. Qf3 a5 32. Kc2 Qd6 33. h3
Kg7 34. Qg3 Qd5 35. Qf3 Qd6 36. Qe2 Qd5 37. Nf3 h5 38. Qd3 Qc6 39. e4 Qc7 40.
Qe3 Kg8 41. Nd4 Qd6 42. f4 Qc5 43. Qd3 Kg7 44. Qc4 Qd6 45. e5 Qd7 46. Qd3 Qa7
47. Qc4 Qd7 48. Qd3 Qa7 49. f5 Qb7 50. Nf3 Qb6 51. Nd4 Qb7 52. Nf3 Qb6 53. Nd4
Qb7 1/2-1/2

[Event "5ème open de Provence (A)"]
[Site "Salon de Provence"]
[Date "2014.??.??"]
[Round "7.12"]
[White "Vincken Vasquez, Dimaryk"]
[Black "Boyer, Jean-Francois"]
[Result "1-0"]
[WhiteElo "1626"]
[BlackElo "1780"]
[PlyCount "52"]
[EventDate "2014.??.??"]

1. e4 c5 2. d4 cxd4 3. c3 dxc3 4. Nxc3 e6 5. Bc4 Bb4 6. Bd2 a6 7. a3 Be7 8. Qg4
Bf6 9. Nf3 Nc6 10. O-O d6 11. Rfe1 Nge7 12. Rad1 e5 13. Qg3 Ng6 14. Nd5 h5 15.
Nxf6+ gxf6 16. h4 Bg4 17. Bc3 Qc7 18. Rd2 O-O-O 19. Nh2 Kb8 20. f3 Rh7 21. fxg4
hxg4 22. Nxg4 Rxh4 23. Nxf6 Rdh8 24. Nd5 Qc8 25. Kf2 Nd4 26. Rxd4 exd4 1-0

[Event "5ème open de Provence (A)"]
[Site "Salon de Provence"]
[Date "2014.??.??"]
[Round "7.13"]
[White "Colandrea, Sauveur"]
[Black "Fournier, Alain"]
[Result "1-0"]
[WhiteElo "1764"]
[BlackElo "1697"]
[PlyCount "41"]
[EventDate "2014.??.??"]

1. e4 b6 2. d4 Bb7 3. Nc3 e6 4. Nf3 Bb4 5. Bd3 Nf6 6. Qe2 d5 7. exd5 Nxd5 8.
Bd2 c5 9. O-O Nf6 10. a3 cxd4 11. axb4 dxc3 12. Bxc3 O-O 13. Rfd1 Qe7 14. Bc4
Ne4 15. Be5 Nd7 16. Bf4 Ndf6 17. c3 a6 18. Bxa6 Rfd8 19. Bxb7 Rxd1+ 20. Qxd1
Rd8 21. Qxd8+ 1-0

[Event "5ème open de Provence (A)"]
[Site "Salon de Provence"]
[Date "2014.??.??"]
[Round "7.14"]
[White "Catot, Olivier"]
[Black "Amoros, Jean"]
[Result "1-0"]
[WhiteElo "1588"]
[BlackElo "1499"]
[PlyCount "55"]
[EventDate "2014.??.??"]

1. Nf3 f5 2. d4 Nf6 3. e3 e6 4. Nbd2 b6 5. b3 Bb4 6. Bb2 O-O 7. a3 Bd6 8. g3
Bb7 9. Bg2 Ne4 10. O-O Nc6 11. Ne5 Nxe5 12. dxe5 Be7 13. Nxe4 fxe4 14. Qg4 Rf5
15. Rad1 Rg5 16. Qe2 a5 17. c4 c5 18. h4 Rf5 19. Bh3 Rf3 20. Bxe6+ dxe6 21.
Rxd8+ Rxd8 22. Rd1 Bxh4 23. gxh4 Rdf8 24. Rd6 Rh3 25. Rxe6 Rxh4 26. Re7 Bc8 27.
e6 h6 28. Rxg7+ 1-0

[Event "5ème open de Provence (A)"]
[Site "Salon de Provence"]
[Date "2014.??.??"]
[Round "8.1"]
[White "Brongers, Henk"]
[Black "Milchev, Nikolay"]
[Result "0-1"]
[WhiteElo "2027"]
[BlackElo "2424"]
[PlyCount "97"]
[EventDate "2014.??.??"]

1. e4 c5 2. Nf3 d6 3. d4 cxd4 4. Nxd4 Nf6 5. Nc3 g6 6. Be3 Bg7 7. f4 O-O 8. Be2
Nc6 9. Nb3 Be6 10. O-O a5 11. a3 a4 12. Nd2 d5 13. e5 d4 14. exf6 exf6 15. Nc4
dxe3 16. Qxd8 Raxd8 17. Nxe3 f5 18. Rfe1 Rd4 19. g3 Rd2 20. Bd3 Nd4 21. Rf1
Nxc2 22. Bxc2 Bd4 23. Rae1 Rxc2 24. Rf2 Rxb2 25. Rxb2 Bxc3 26. Ree2 Bxb2 27.
Rxb2 Bb3 28. Kf2 Rc8 29. Nf1 Rc3 30. Nd2 Bd5 31. Nb1 Rc1 32. Ke3 Be4 33. Nd2
Rc3+ 34. Kd4 Rxa3 35. Nxe4 fxe4 36. Rxb7 e3 37. Rb2 h5 38. Ke5 Kg7 39. f5 gxf5
40. Kxf5 Rb3 41. Ra2 a3 42. Ke4 Kf6 43. Kd4 Kf5 44. Kc4 Rb2 45. Rxa3 Ke4 46.
Ra7 Rc2+ 47. Kb3 Rc5 48. Kb4 Rf5 49. Kc4 0-1

[Event "5ème open de Provence (A)"]
[Site "Salon de Provence"]
[Date "2014.??.??"]
[Round "8.2"]
[White "Guidarelli, Laurent"]
[Black "Rayne, Remy"]
[Result "1-0"]
[WhiteElo "2498"]
[BlackElo "1936"]
[PlyCount "45"]
[EventDate "2014.??.??"]

1. g3 d5 2. Bg2 Nf6 3. Nf3 Bf5 4. O-O e6 5. c4 c6 6. b3 Be7 7. Bb2 O-O 8. d3
Nbd7 9. Nbd2 b5 10. Nd4 Qb6 11. Nxf5 exf5 12. cxd5 Nxd5 13. Bh3 Bf6 14. Bxf6
N7xf6 15. Bxf5 Nc3 16. Qe1 Rfe8 17. e3 g6 18. Bh3 Nfd5 19. Bg2 Nb4 20. Ne4 Ncd5
21. Qd2 Rad8 22. Rac1 f5 23. Nc5 1-0

[Event "5ème open de Provence (A)"]
[Site "Salon de Provence"]
[Date "2014.??.??"]
[Round "8.3"]
[White "Dudognon, Thibault"]
[Black "Lazov, Stefan"]
[Result "1-0"]
[WhiteElo "2066"]
[BlackElo "1894"]
[PlyCount "123"]
[EventDate "2014.??.??"]

1. e4 c6 2. d4 d5 3. Nc3 dxe4 4. Nxe4 Bf5 5. Nc5 Qc7 6. Bd3 Bxd3 7. Nxd3 e6 8.
Bf4 Qa5+ 9. c3 Nd7 10. Nf3 Ngf6 11. O-O Be7 12. Nde5 O-O 13. Qb3 Nb6 14. Rfe1
Qa4 15. Nd2 c5 16. Be3 Nfd5 17. Nec4 Qxb3 18. axb3 Nxc4 19. Nxc4 Nxe3 20. fxe3
a6 21. Nb6 Rad8 22. Rad1 Rfe8 23. Kf1 cxd4 24. exd4 Bd6 25. g3 Bc7 26. Na4 Rd5
27. Nc5 Rb8 28. b4 Rh5 29. Kg2 Bd6 30. Re2 a5 31. Ne4 Bf8 32. bxa5 Rxa5 33. c4
Rd8 34. Red2 Bb4 35. Rd3 Rd7 36. c5 b6 37. c6 Rc7 38. Rb3 Ra4 39. Rc1 Ba5 40.
Nd6 Rxd4 41. Nb5 Rd2+ 42. Kf3 Rc8 43. c7 Rd7 44. Ra3 Bb4 45. Ra7 Kf8 46. Rb7
Bc5 47. b4 Rd3+ 48. Kg2 Be3 49. Rb8 Bxc1 50. Rxc8+ Ke7 51. Rb8 Rd2+ 52. Kh3 Rc2
53. c8=Q Rxc8 54. Rxc8 Bd2 55. Rc7+ Kf6 56. Nd6 Bxb4 57. Rxf7+ Kg6 58. Rb7 e5
59. Nc8 Bc5 60. Nxb6 Kf5 61. Nc4 e4 62. Rb5 1-0

[Event "5ème open de Provence (A)"]
[Site "Salon de Provence"]
[Date "2014.??.??"]
[Round "8.4"]
[White "Merenciano, Alexandre"]
[Black "Massardo, Quentin"]
[Result "1-0"]
[WhiteElo "1984"]
[BlackElo "1829"]
[PlyCount "41"]
[EventDate "2014.??.??"]

1. e4 Nf6 2. Nc3 d5 3. exd5 Nxd5 4. Qf3 e6 5. Bc4 Nb4 6. Bb3 N8c6 7. Nge2 Na5
8. Ba4+ Bd7 9. a3 Nd5 10. Bxd7+ Qxd7 11. Nxd5 Qxd5 12. Qxd5 exd5 13. d3 Bd6 14.
Nc3 O-O-O 15. Nxd5 Bxa3 16. c4 Nb3 17. Rxa3 Nxc1 18. Kd2 c6 19. Ne3 Nxd3 20.
Rxd3 Rxd3+ 21. Kxd3 1-0

[Event "5ème open de Provence (A)"]
[Site "Salon de Provence"]
[Date "2014.??.??"]
[Round "8.5"]
[White "Faure, Alexandre"]
[Black "Danielian, Kevin"]
[Result "0-1"]
[WhiteElo "1875"]
[BlackElo "1848"]
[PlyCount "46"]
[EventDate "2014.??.??"]

1. e4 e6 2. d4 d5 3. e5 c5 4. c3 Nc6 5. Nf3 Bd7 6. Be3 Qb6 7. Qd2 cxd4 8. cxd4
f6 9. Nc3 a6 10. Bd3 fxe5 11. Nxe5 Nxe5 12. dxe5 Bc5 13. Bxc5 Qxc5 14. O-O Nh6
15. Qc2 g6 16. Rac1 Qe7 17. f4 O-O 18. Rf3 Nf5 19. Qf2 Rac8 20. Rh3 Qc5 21. Ne2
Qxc1+ 22. Nxc1 Rxc1+ 23. Bf1 Bb5 0-1

[Event "5ème open de Provence (A)"]
[Site "Salon de Provence"]
[Date "2014.??.??"]
[Round "8.6"]
[White "Hernandez, Lara"]
[Black "Chauvet, Vincent"]
[Result "0-1"]
[WhiteElo "1732"]
[BlackElo "2134"]
[PlyCount "62"]
[EventDate "2014.??.??"]

1. d4 d5 2. c4 e6 3. Nf3 a6 4. Nc3 dxc4 5. a4 Nc6 6. e4 Na5 7. Bg5 f6 8. Be3
Ne7 9. Be2 c6 10. O-O Ng6 11. d5 cxd5 12. exd5 e5 13. h4 Bd6 14. Ne4 Bf5 15.
Nxd6+ Qxd6 16. h5 Ne7 17. Nh4 Be4 18. Bf3 Bd3 19. Be2 Qxd5 20. Bxd3 cxd3 21.
Qg4 Kf7 22. f4 Nc4 23. Bf2 e4 24. h6 g6 25. f5 Nxf5 26. Qf4 Qe5 27. Qc1 Rac8
28. Qd1 Nd4 29. b3 Nd6 30. Qg4 Ne2+ 31. Kh1 Nf5 0-1

[Event "5ème open de Provence (A)"]
[Site "Salon de Provence"]
[Date "2014.??.??"]
[Round "8.7"]
[White "Busson, Benoist"]
[Black "Vincensini, Emmanuel"]
[Result "1-0"]
[WhiteElo "1977"]
[BlackElo "1960"]
[PlyCount "31"]
[EventDate "2014.??.??"]

1. e4 e6 2. Nf3 b6 3. d4 Bb7 4. Bd3 c5 5. d5 exd5 6. exd5 Bxd5 7. Nc3 Bb7 8.
O-O Be7 9. Re1 Kf8 10. Bc4 Nc6 11. Nd5 Nd4 12. Nxd4 cxd4 13. Bf4 Rc8 14. Nxe7
Nxe7 15. Bd6 Rxc4 16. Bxe7+ 1-0

[Event "5ème open de Provence (A)"]
[Site "Salon de Provence"]
[Date "2014.??.??"]
[Round "8.8"]
[White "Benavides, Jeremy"]
[Black "Joubert, Leo"]
[Result "0-1"]
[WhiteElo "1835"]
[BlackElo "1790"]
[PlyCount "74"]
[EventDate "2014.??.??"]

1. e4 c5 2. Nf3 g6 3. d4 cxd4 4. Qxd4 Nf6 5. e5 Nc6 6. Qh4 Nxe5 7. Nxe5 Qa5+ 8.
Nc3 Qxe5+ 9. Be3 Bg7 10. Bd3 O-O 11. O-O-O Qa5 12. Bh6 Qh5 13. Qxh5 Nxh5 14.
Bxg7 Kxg7 15. Nd5 e6 16. Nc7 Rb8 17. Nb5 a6 18. Nd6 Nf6 19. Be2 b5 20. c4 bxc4
21. Bxc4 Rb6 22. f3 Nd5 23. Bxd5 Rxd6 24. Bb3 Rxd1+ 25. Rxd1 d5 26. Kd2 Bd7 27.
Rc1 Rc8 28. Rxc8 Bxc8 29. Ke3 Kf6 30. Kd4 Ke7 31. Kc5 Kd7 32. Ba4+ Kc7 33. Be8
f6 34. Bf7 Bd7 35. b4 Kd8 36. Bg8 Ke7 37. Bxh7 Kf7 0-1

[Event "5ème open de Provence (A)"]
[Site "Salon de Provence"]
[Date "2014.??.??"]
[Round "8.9"]
[White "Metras, Dominique"]
[Black "Vincken Vasquez, Dimaryk"]
[Result "1-0"]
[WhiteElo "1965"]
[BlackElo "1626"]
[PlyCount "115"]
[EventDate "2014.??.??"]

1. d4 d5 2. c4 c6 3. Nf3 Nf6 4. g3 e6 5. Bg2 dxc4 6. Nc3 Nbd7 7. O-O b5 8. a4
b4 9. Na2 a5 10. Bg5 Be7 11. Nd2 Ba6 12. Rc1 b3 13. Nc3 Rc8 14. e4 Nb6 15. Be3
Bb4 16. Ndb1 O-O 17. Qe2 Qe7 18. Rfd1 Rfd8 19. f4 Nfd7 20. Qf2 Nf6 21. h3 Qe8
22. g4 c5 23. dxc5 Nxa4 24. g5 Nh5 25. Bf3 Nxf4 26. Bxf4 Nxc5 27. Be2 Rd3 28.
Kh2 Rcd8 29. Rf1 R3d7 30. Rcd1 Nd3 31. Bxd3 cxd3 32. Qb6 Bc8 33. Bc7 Bd6+ 34.
Bxd6 Rxd6 35. Qxa5 Qc6 36. Qe5 Ba6 37. Nd2 R6d7 38. Rf3 Qd6 39. Qxd6 Rxd6 40.
Nxb3 Rb6 41. Nc5 Rxb2+ 42. Kg3 Bc4 43. Nxd3 Rb3 44. Ne5 Rxd1 45. Nxd1 Rxf3+ 46.
Kxf3 Bb3 47. Ne3 f6 48. gxf6 gxf6 49. Nd7 f5 50. e5 Kf7 51. Kf4 h6 52. Nc5 Ba2
53. Nc2 Kg6 54. Nd4 Kf7 55. Kg3 Bd5 56. Ne2 Ke7 57. Nf4 Bc4 58. Kh4 1-0

[Event "5ème open de Provence (A)"]
[Site "Salon de Provence"]
[Date "2014.??.??"]
[Round "8.10"]
[White "Legrand, Vincent"]
[Black "Nicolas, Gabrielle"]
[Result "1/2-1/2"]
[WhiteElo "1833"]
[BlackElo "1732"]
[PlyCount "100"]
[EventDate "2014.??.??"]

1. e4 e6 2. d4 d5 3. e5 c5 4. Nf3 Nc6 5. Bd3 cxd4 6. O-O f6 7. exf6 Nxf6 8. Bf4
Bd6 9. Bxd6 Qxd6 10. Re1 O-O 11. Bb5 Rb8 12. Nbd2 Re8 13. Bxc6 bxc6 14. Ne5 c5
15. b3 Ba6 16. Ndf3 Ne4 17. Qc1 Rf8 18. Qa3 Rb6 19. Qa4 Rb4 20. Qd7 Qxd7 21.
Nxd7 Re8 22. Nfe5 Bc8 23. f3 Bxd7 24. Nxd7 Rb7 25. Ne5 Nd6 26. Rad1 Rc7 27. Nd3
Nf5 28. Re5 Kf7 29. f4 Ne3 30. Rd2 a5 31. Nf2 Ra8 32. Nd1 Nxd1 33. Rxd1 a4 34.
f5 exf5 35. Rxf5+ Ke6 36. Rf2 g6 37. Re1+ Kd6 38. Rfe2 Rf7 39. Re6+ Kd7 40. Rb6
Re8 41. Rxe8 Kxe8 42. Rc6 axb3 43. axb3 c4 44. bxc4 dxc4 45. Rxc4 Rd7 46. Kf2
d3 47. cxd3 Rxd3 48. Rc7 h5 49. Ra7 Rd6 50. Kg3 Kf8 1/2-1/2

[Event "5ème open de Provence (A)"]
[Site "Salon de Provence"]
[Date "2014.??.??"]
[Round "8.11"]
[White "Morris, Keith"]
[Black "Valcrose, Thomas"]
[Result "1-0"]
[WhiteElo "1709"]
[BlackElo "1787"]
[PlyCount "67"]
[EventDate "2014.??.??"]

1. e4 Nf6 2. e5 Nd5 3. Nc3 e6 4. Bc4 Nb6 5. Bb3 d6 6. d4 Nc6 7. Nf3 Be7 8. O-O
O-O 9. a4 Nd7 10. Re1 b6 11. exd6 Bxd6 12. Bg5 Be7 13. Bxe7 Nxe7 14. d5 exd5
15. Nxd5 Nxd5 16. Qxd5 Ba6 17. Rad1 Nc5 18. Qh5 Qf6 19. Bd5 c6 20. Ng5 h6 21.
Ne4 Nxe4 22. Bxe4 Rad8 23. b4 Bc4 24. a5 Bb5 25. h4 Rfe8 26. axb6 axb6 27. Rxd8
Rxd8 28. g4 Qc3 29. Re3 Qxb4 30. g5 Qb1+ 31. Kh2 Qf1 32. Rf3 Qc4 33. gxh6 Qe6
34. hxg7 1-0

[Event "5ème open de Provence (A)"]
[Site "Salon de Provence"]
[Date "2014.??.??"]
[Round "8.13"]
[White "Boyer, Jean-Francois"]
[Black "Fournier, Alain"]
[Result "1-0"]
[WhiteElo "1780"]
[BlackElo "1697"]
[PlyCount "77"]
[EventDate "2014.??.??"]

1. e4 b6 2. d4 Bb7 3. Nc3 e6 4. a3 c5 5. d5 Nf6 6. Bg5 Be7 7. d6 Bf8 8. Nb5 Na6
9. e5 h6 10. Bh4 g5 11. Bg3 Ne4 12. Qf3 Bg7 13. Bd3 Nxg3 14. Qxb7 Nxh1 15. Qxa6
O-O 16. Qb7 Bxe5 17. Qe4 Bc3+ 18. Nxc3 f5 19. Qf3 e5 20. Bc4+ Kg7 21. g3 Nxf2
22. Qxf2 Qf6 23. O-O-O e4 24. g4 Qe5 25. Rd5 Qf4+ 26. Qxf4 gxf4 27. gxf5 Rae8
28. Bb5 Rf7 29. Nge2 f3 30. Ng3 e3 31. Kd1 Kf6 32. Nge4+ Kg7 33. Ke1 Kh8 34. f6
Kh7 35. Rf5 Kg6 36. Rxf3 Re5 37. Bc4 Rf8 38. f7 Kg7 39. Nf6 1-0

[Event "5ème open de Provence (A)"]
[Site "Salon de Provence"]
[Date "2014.??.??"]
[Round "8.14"]
[White "Amoros, Jean"]
[Black "Colandrea, Sauveur"]
[Result "0-1"]
[WhiteElo "1499"]
[BlackElo "1764"]
[PlyCount "40"]
[EventDate "2014.??.??"]

1. e4 c5 2. d4 cxd4 3. c3 dxc3 4. Nxc3 Nc6 5. Bc4 e6 6. Nf3 d6 7. O-O Be7 8.
Qe2 a6 9. a4 Qc7 10. Be3 Nf6 11. Rad1 O-O 12. h3 Bd7 13. Nh2 Rac8 14. Ba2 Na5
15. f3 Nc4 16. Rc1 Nxe3 17. Nd5 Qxc1 18. Nxe7+ Kh8 19. Nxc8 Nxf1 20. Nxf1 Rxc8
0-1

[Event "5ème open de Provence (A)"]
[Site "Salon de Provence"]
[Date "2014.??.??"]
[Round "9.1"]
[White "Milchev, Nikolay"]
[Black "Merenciano, Alexandre"]
[Result "1-0"]
[WhiteElo "2424"]
[BlackElo "1984"]
[PlyCount "55"]

1. c4 Nf6 2. Nf3 c5 3. e3 Nc6 4. Be2 d5 5. cxd5 Nxd5 6. a3 e5 7. Qc2 Be7 8. O-O
O-O 9. d3 Be6 10. Nbd2 Rc8 11. b3 f5 12. Bb2 Bf6 13. Rac1 b6 14. Qb1 f4 15. e4
Nde7 16. b4 Nd4 17. Bd1 g5 18. bxc5 bxc5 19. Bxd4 cxd4 20. Bb3 Qd7 21. Qa2 Bxb3
22. Qxb3+ Kh8 23. Rxc8 Qxc8 24. Nc4 Nc6 25. Qb5 Qe6 26. Qd5 Re8 27. Nd6 Qd7 28.
Nf7+ 1-0

[Event "5ème open de Provence (A)"]
[Site "Salon de Provence"]
[Date "2014.??.??"]
[Round "9.2"]
[White "Dudognon, Thibault"]
[Black "Guidarelli, Laurent"]
[Result "0-1"]
[WhiteElo "2066"]
[BlackElo "2498"]
[PlyCount "112"]

1. e4 g6 2. d4 d6 3. Nc3 Bg7 4. g3 Nc6 5. Be3 e5 6. dxe5 Nxe5 7. f4 Bg4 8. Be2
Nc4 9. Bd4 Bxe2 10. Ngxe2 Nf6 11. Qd3 Nb6 12. O-O-O O-O 13. h3 Re8 14. g4 Qe7
15. Ng3 Qf8 16. g5 Nfd7 17. Bxg7 Qxg7 18. Nd5 Nxd5 19. Qxd5 Nb6 20. Qd4 Re7 21.
Qxg7+ Kxg7 22. b3 Rae8 23. h4 Nd7 24. h5 f6 25. hxg6 hxg6 26. gxf6+ Nxf6 27.
Rdg1 Kf7 28. f5 Rg8 29. Rf1 g5 30. Re1 Ree8 31. Rh6 Rh8 32. Reh1 Rxh6 33. Rxh6
d5 34. exd5 Re3 35. Nh1 Rf3 36. c4 g4 37. Kc2 Rxf5 38. Rh2 Rh5 39. Rxh5 Nxh5
40. Nf2 g3 41. Ne4 g2 42. Ng5+ Kf6 43. Nf3 Nf4 44. Ng1 Kf5 45. Kd1 Kg4 46. Kd2
Nh3 47. Ne2 g1=Q 48. Nxg1 Nxg1 49. Ke3 Kf5 50. Kd4 Ne2+ 51. Kc5 Ke5 52. a4 Nc1
53. Kb4 Kd4 54. a5 a6 55. Ka3 Kc3 56. c5 Nxb3 0-1

[Event "5ème open de Provence (A)"]
[Site "Salon de Provence"]
[Date "????.??.??"]
[Round "9.3"]
[White "Chauvet, Vincent"]
[Black "Danielian, Kevin"]
[Result "0-1"]
[WhiteElo "2134"]
[BlackElo "1848"]
[PlyCount "92"]

1. d4 d5 2. c4 e6 3. Nc3 Nf6 4. cxd5 exd5 5. Bg5 Be7 6. e3 c6 7. Qc2 Nbd7 8.
Bd3 O-O 9. Nge2 Re8 10. O-O Nf8 11. f3 Be6 12. Rad1 N6d7 13. Bxe7 Qxe7 14. e4
dxe4 15. fxe4 Bg4 16. Rde1 Nb6 17. Ng3 Rad8 18. Qf2 Qd7 19. d5 Qc7 20. h3 Bc8
21. Rc1 Ng6 22. Nb5 Qe7 23. Nxa7 Ne5 24. Bb1 Qg5 25. Qxb6 Qxg3 26. Rc3 Qg5 27.
Nxc8 Rxc8 28. a3 Rcd8 29. Ba2 Rd6 30. Qxb7 Rg6 31. Rf2 Qh5 32. dxc6 Qd1+ 33.
Kh2 Qd6 34. g3 Qd4 35. Re2 Qd1 36. Qb5 Qf1 37. c7 Ng4+ 38. hxg4 Rh6+ 39. Qh5
Qxe2+ 40. Kg1 Qe1+ 41. Kh2 Rxh5+ 42. gxh5 Qe2+ 43. Kg1 Rc8 44. Bd5 Qxb2 45. Rb3
Qe5 46. a4 Qxc7 0-1

[Event "5ème open de Provence (A)"]
[Site "Salon de Provence"]
[Date "????.??.??"]
[Round "9.4"]
[White "Rayne, Remy"]
[Black "Brongers, Henk"]
[Result "1/2-1/2"]
[WhiteElo "1936"]
[BlackElo "2027"]
[PlyCount "50"]

1. Nf3 Nf6 2. c4 g6 3. g3 Bg7 4. Bg2 O-O 5. O-O d6 6. Nc3 e5 7. d3 Nc6 8. Rb1
a5 9. a3 Nd4 10. b4 axb4 11. axb4 c6 12. e3 Ne6 13. b5 Nc5 14. d4 Nce4 15. Nxe4
Nxe4 16. Qb3 cxb5 17. cxb5 Be6 18. Qb4 Ba2 19. Ra1 exd4 20. Nxd4 Nc5 21. Ba3
Ra4 22. Qc3 Bc4 23. Bxc5 Rxa1 24. Rxa1 dxc5 25. Qxc4 cxd4 1/2-1/2